Missing Word: 1970 Movies A-Z Quiz Stats

 Plays Quiz Updated Mar 31, 2018

Challenge
Share
Tweet
Embed
Score 0/25 Timer 05:00
2 Plays Today
Letter Missing Word % Correct
AApes
98.2%
OOne
94.1%
EEarth
92.9%
JJulius
92.2%
FFive
91.8%
VValley
88.8%
YYork
87.5%
BBig
83.8%
WWithout
80%
PPussycat
74.8%
HHeroes
69.5%
TThere
64.8%
MMules
61.8%
Letter Missing Word % Correct
GGods
59.6%
NNed
50.2%
SStory
47.1%
LLobo
42.4%
RRyan's
38%
CChildren
34.8%
UUp
33.5%
DDarling
28.2%
ZZabriskie
12.7%
IInvestigation
9.6%
KKnee
8.1%
QQuartet
6.2%

Today's Daily Dose

You're not logged in!

Compare scores with friends on all Sporcle quizzes.
Join for Free
OR
Log In

You Might Also Like...

Show Comments

Extras

Top Quizzes Today


Score Distribution

Your Account Isn't Verified!

In order to create a playlist on Sporcle, you need to verify the email address you used during registration. Go to your Sporcle Settings to finish the process.

Report this User

Report this user for behavior that violates our Community Guidelines.

Details: